| 000 | 00483nam a22001817a 4500 | ||
|---|---|---|---|
| 005 | 20251204162254.0 | ||
| 008 | 250909b |||||||| |||| 00| 0 eng d | ||
| 020 | _a978-93-5465-254-7 | ||
| 041 | _aeng | ||
| 082 | _a616.0756 MAH-C | ||
| 100 |
_a MAHESHWARI , NANDA _98509 |
||
| 245 | _aCLINICAL BIOCHEMISTRY [3RD ED.] | ||
| 250 | _a3RD ED, 2022 | ||
| 260 |
_aNEW DELHI _bJAYPEE BROTHERS M. .P. LTD |
||
| 300 | _a658,P | ||
| 650 |
_aPARAMEDICAL _xBMIRT/BMLT _98848 |
||
| 942 | _cBK | ||
| 999 |
_c8803 _d8801 |
||